000 00377nam a2200145Ia 4500
008 230917s9999||||xx |||||||||||||| ||und||
040 _e87602
_aMAIN
041 _aEnglish
082 _a707 Y85V
100 _aYoung, Frank M
245 0 _aVisual studies: a foundation for artists and designers
260 _aNew Jersey
_bPrentice-Hall
_c1985
300 _a191 p.
942 _cBK
999 _c76374
_d76374